|
|
|
|
| LEADER |
01051nam a2200253 a 4500 |
| 001 |
4508572 |
| 008 |
090827s1999 enka b 000 0 eng d |
| 010 |
|
|
|a 98043593
|
| 020 |
|
|
|a 1860941435
|
| 040 |
|
|
|a DLC
|c DLC
|d DLC
|
| 082 |
0 |
0 |
|a 362.1/96995
|2 21
|
| 245 |
0 |
0 |
|a Tuberculosis :
|b an interdisciplinary perspective /
|c edited by John D.H. Porter, John M. Grange.
|
| 260 |
|
|
|a London :
|b Imperial College Press ;
|a River Edge, NJ :
|b Distributed by World Scientific Pub.,
|c c1999.
|
| 300 |
|
|
|a xvii, 509 p. :
|b ill. ;
|c 23 cm.
|
| 504 |
|
|
|a Includes bibliographical references.
|
| 541 |
1 |
|
|e 00007267
|
| 650 |
|
0 |
|a Tuberculosis.
|
| 650 |
|
0 |
|a Tuberculosis
|x Government policy.
|
| 650 |
|
0 |
|a Tuberculosis
|x Epidemiology.
|
| 700 |
1 |
|
|a Porter, John D. H.
|
| 700 |
1 |
|
|a Grange, John M.
|
| 852 |
4 |
|
|a Ayesha Abed Library
|j General Shelf.
|
| 999 |
|
|
|c 3800
|d 3800
|
| 952 |
|
|
|0 0
|1 0
|2 ddc
|4 0
|6 362_196995000000000_TUB_1999
|7 0
|9 3452
|a BRACUL
|b BRACUL
|c GEN
|d 2009-09-05
|g 0.00
|l 0
|o 362.196995 TUB
|p 3010007267
|r 2009-09-05
|t 1
|w 2009-09-05
|y BK
|x No price found in the accession register.
|